01004nam a22002537a 4500999001500000001000600015003000900021005001700030008004100047020001800088020002400106040003800130082001900168245010400187260005300291300003900344505002300383600003100406650003700437700002200474942001200496952012100508952012100629 c2714d271419842BD-DhUAP20200227101932.0200227r20131995sz a|||| |||| 00| 0 eng d a9783764355104 a9783764355159 (set) aBD-DhUAPbEngcBD-DhUAPdBD-DhUAP 223a720.92 LEC aLe Corbusier :bet son atelier rue de Sèvres 35 - Oeuvre complète /cEdited by Willy Boesiger. aBasel :b Birkhäuser,cc1995 [Reprinted 2013]. avolumes :billustrations ;c23 cm. aV. 8- (1965-1969). aLe Corbusier, d1887-1965. aArchitecturevDesigns and plans. aBoesiger, Willy.  2ddccBK 00102ddc4070aUAPCLbUAPCLcGeneral Stacksd2020-02-27o720.92 LEC V-8p3010019842r2020-02-27t1w2020-02-27yBK 00102ddc4070aUAPCLbUAPCLcGeneral Stacksd2020-02-27o720.92 LEC V-8p3010002913r2020-02-27t2w2020-02-27yBK